Ichthyology

Salvato in:
Dettagli Bibliografici
Autore principale: Lagler, Karl F.
Natura: Libro
Lingua:Undetermined
Pubblicazione: New York Wiley 1962
Soggetti:
Tags: Aggiungi Tag
Nessun Tag, puoi essere il primo ad aggiungerne! !
Thư viện lưu trữ: Trung tâm Học liệu Trường Đại học Cần Thơ
LEADER 00470nam a2200181Ia 4500
001 CTU_150274
008 210402s9999 xx 000 0 und d
082 |a 597 
082 |b L175/Vol.1 
100 |a Lagler, Karl F. 
245 0 |a Ichthyology 
245 0 |c Karl F. Lagler, John E. Bardach, Rbert R. Miller 
260 |a New York 
260 |b Wiley 
260 |c 1962 
650 |a Fishes 
904 |i Giang 
980 |a Trung tâm Học liệu Trường Đại học Cần Thơ